ਠਰੀ ਰਾਤ / (Record no. 109965)
[ view plain ]
| 000 -LEADER | |
|---|---|
| fixed length control field | 00895nam a22002537a 4500 |
| 005 - DATE AND TIME OF LATEST TRANSACTION | |
| control field | 20170123164145.0 |
| 010 ## - LIBRARY OF CONGRESS CONTROL NUMBER | |
| LC control number | B-230736 |
| 020 ## - INTERNATIONAL STANDARD BOOK NUMBER | |
| Terms of availability | 150.00 |
| International Standard Book Number | 9788171421824 |
| 035 ## - SYSTEM CONTROL NUMBER | |
| System control number | B-230736 |
| 037 ## - SOURCE OF ACQUISITION | |
| Source of stock number/acquisition | Cen Lib / Ret |
| Stock number | |
| 040 ## - CATALOGING SOURCE | |
| Original cataloging agency | DPL |
| Language of cataloging | PN |
| 082 ## - DEWEY DECIMAL CLASSIFICATION NUMBER | |
| Classification number | ੳ |
| Item number | ਬਾਲੀਬ |
| 100 ## - MAIN ENTRY--PERSONAL NAME | |
| Personal name | ਬਾਲੀ, ਬਲਜੀਤ ਕੌਰ |
| 9 (RLIN) | 42591 |
| 245 ## - TITLE STATEMENT | |
| Title | ਠਰੀ ਰਾਤ / |
| Statement of responsibility, etc | ਬਲਜੀਤ ਕੌਰ ਬਾਲੀ |
| 246 ## - VARYING FORM OF TITLE | |
| Title proper/short title | Thari raat / |
| Remainder of title | by Baljeet Kaur Bali |
| 260 ## - PUBLICATION, DISTRIBUTION, ETC. (IMPRINT) | |
| Place of publication, distribution, etc | ਦਿੱਲੀ |
| Name of publisher, distributor, etc | ਲੋਕਗੀਤ ਪ੍ਰਕਾਸ਼ਨ |
| Date of publication, distribution, etc | 2007 |
| 270 ## - ADDRESS | |
| City | Chandigarh |
| Address | SCo 26-27, Sector 34A |
| Postal code | 160022 |
| 300 ## - PHYSICAL DESCRIPTION | |
| Extent | 170p. |
| Dimensions | 22cm(Hb) |
| 650 ## - SUBJECT ADDED ENTRY--TOPICAL TERM | |
| Topical term or geographic name as entry element | ਸਾਹਿਤ -- ਪੰਜਾਬੀ |
| 9 (RLIN) | 121617 |
| 650 ## - SUBJECT ADDED ENTRY--TOPICAL TERM | |
| Topical term or geographic name as entry element | ਪੰਜਾਬੀ ਨਾਵਲ |
| 9 (RLIN) | 121618 |
| 650 ## - SUBJECT ADDED ENTRY--TOPICAL TERM | |
| Topical term or geographic name as entry element | Literature -- Punjabi |
| 9 (RLIN) | 114104 |
| 650 ## - SUBJECT ADDED ENTRY--TOPICAL TERM | |
| Topical term or geographic name as entry element | Punjabi Novel |
| 9 (RLIN) | 6285 |
| 942 ## - ADDED ENTRY ELEMENTS (KOHA) | |
| Source of classification or shelving scheme | Dewey Decimal Classification |
| Koha item type | Punjabi Bks |
| Classification part | ਓ |
| Call number suffix | ਬਾਲੀਬ |
| Withdrawn status | Lost status | Damaged status | Not for loan | Home library | Current library | Date acquired | Source of acquisition | Cost, normal purchase price | Total Checkouts | Full call number | Barcode | Date last seen | Copy number | Cost, replacement price | Price effective from | Koha item type |
|---|---|---|---|---|---|---|---|---|---|---|---|---|---|---|---|---|
| Central Library | Central Library | 11/01/2016 | Cen Lib/Ret | 150.00 | ੳ ਬਾਲੀਬ | B-230736 | 11/01/2016 | 1 | 150.00 | 11/01/2016 | Punjabi Bks |
